| 000 -CABECERA |
| Longitud fija campo de control |
01002nam a22002537a 4500 |
| 001 - NÚMERO DE CONTROL |
| Número de control |
3841 |
| 003 - IDENTIFICADOR DEL NÚMERO DE CONTROL |
| Identificador del número de control |
CDMR |
| 005 - FECHA Y HORA DE LA ÚLTIMA TRANSACCIÓN |
| Fecha y hora de la última transacción |
20151103110001.0 |
| 008 - CÓDIGOS DE INFORMACIÓN DE LONGITUD FIJA |
| Códigos de información de longitud fija |
130130s1995||||||||||||||||||||||||||||d |
| 040 ## - FUENTE DE LA CATALOGACIÓN |
| Centro catalogador de origen |
CDMR |
| Lengua de catalogación |
cat |
| Centro transcriptor |
CPC GIRONA |
| 245 00 - MENCIÓN DE TÍTULO |
| Título |
200 anys de premsa diària a Catalunya |
| Resto del título |
(1792-1992) |
| 260 ## - PUBLICACIÓN, DISTRIBUCIÓN, ETC. (PIE DE IMPRENTA) |
| Nombre del editor, distribuidor, etc. |
Fundació Caixa de Catalunya : |
| -- |
Arxiu Històric de la Ciutat : |
| -- |
Col·legi de Periodistes de Catalunya |
| Lugar de publicación, distribución, etc. |
[Barcelona] |
| Fecha de publicación, distribución, etc. |
DL 1995 |
| 300 ## - DESCRIPCIÓN FÍSICA |
| Extensión |
543 p. : |
| Otras características físicas |
il. ; |
| Dimensiones |
24 cm |
| 504 ## - NOTA DE BIBLIOGRAFÍA, ETC |
| Nota de bibliografía, etc. |
Bibliografia: p. 535-537. Índex |
| 650 07 - PUNTO DE ACCESO ADICIONAL DE MATERIA - TÉRMINO DE MATERIA |
| Fuente del encabezamiento o término |
lemac |
| 9 (RLIN) |
1524 |
| Término de materia o nombre geográfico como elemento inicial |
Premsa |
| Subdivisión de materia general |
Història |
| Subdivisión geográfica |
Catalunya |
| 650 07 - PUNTO DE ACCESO ADICIONAL DE MATERIA - TÉRMINO DE MATERIA |
| Fuente del encabezamiento o término |
lemac |
| 9 (RLIN) |
195 |
| Término de materia o nombre geográfico como elemento inicial |
Premsa |
| Subdivisión de materia general |
Catàlegs |
| Subdivisión geográfica |
Catalunya |
| 650 07 - PUNTO DE ACCESO ADICIONAL DE MATERIA - TÉRMINO DE MATERIA |
| Fuente del encabezamiento o término |
lemac |
| 9 (RLIN) |
195 |
| Término de materia o nombre geográfico como elemento inicial |
Premsa |
| Subdivisión cronológica |
1792-1992 |
| Subdivisión geográfica |
Catalunya |
| 650 20 - PUNTO DE ACCESO ADICIONAL DE MATERIA - TÉRMINO DE MATERIA |
| Fuente del encabezamiento o término |
lemac |
| 9 (RLIN) |
195 |
| Término de materia o nombre geográfico como elemento inicial |
Premsa |
| Subdivisión de materia general |
Exposicions |
| Subdivisión geográfica |
Catalunya |
| 740 0# - PUNTO DE ACCESO ADICIONAL - TÍTULO RELACIONADO O ANALÍTICO NO CONTROLADO |
| Título relacionado o analítico no controlado |
Dos-cents anys de premsa diària a Catalunya |
| 710 1# - PUNTO DE ACCESO ADICIONAL - NOMBRE DE ENTIDAD |
| 9 (RLIN) |
133 |
| Nombre de entidad o nombre de jurisdicción como elemento inicial |
Col·legi de Periodistes de Catalunya |
| 710 2# - PUNTO DE ACCESO ADICIONAL - NOMBRE DE ENTIDAD |
| 9 (RLIN) |
3217 |
| Nombre de entidad o nombre de jurisdicción como elemento inicial |
Arxiu Històric de la Ciutat (Barcelona, Catalunya) |
| 710 2# - PUNTO DE ACCESO ADICIONAL - NOMBRE DE ENTIDAD |
| 9 (RLIN) |
2823 |
| Nombre de entidad o nombre de jurisdicción como elemento inicial |
Fundació Caixa de Catalunya |
| 942 ## - ENTRADA DE ELEMENTOS AGREGADOS (KOHA) |
| Koha [por defecto] tipo de item |
Monografies |